Music Quiz

Random Music Quiz

Eurovision Winning Songwriters Quiz Stats

 Plays Quiz not verified by Sporcle

Score 0/67 Timer 12:00
0 Plays Today
% Correct
Arcade
100%
Fairytale
80.9%
1944
80.9%
Believe
76.6%
Amar pelos dois
76.6%
Wild Dances
74.5%
Hard Rock Hallelujah
74.5%
Every Way That I Can
70.2%
Merci, chérie
68.1%
Insieme: 1992
66%
Toy
56.3%
Fly on the Wings of Love
55.3%
I Wanna
55.3%
Ein bisschen frieden
55.3%
Euphoria
53.2%
My Number One
51.1%
De troubadour
48.9%
Waterloo
46.8%
Rock Me
46.8%
Molitva
46.8%
La, la, la
44.7%
Non ho l'età
42.6%
Poupée de cire, poupée de son
40.4%
Hold Me Now
40.4%
Why Me?
38.3%
Rise Like a Phoenix
38.3%
Vivo cantando
36.2%
Satellite
36.2%
Heroes
36.2%
Diggi-loo Diggi-ley
34%
Nocturne
34%
Diva
34%
Running Scared
34%
Net Als Toen
31.9%
% Correct
Dansevise
31.9%
La det swinge
31.9%
Everybody
31.9%
Een beetje
29.8%
Puppet on a String
29.8%
All Kinds of Everything
29.8%
Save Your Kisses for Me
29.8%
Fångad av en stormvind
29.8%
Only Teardrops
29.8%
Tom Pillibi
25.5%
Ding-a-Dong
25.5%
A-ba-ni-bi
25.5%
What's Another Year
25.5%
Après toi
23.4%
Hallelujah
23.4%
Love Shine a Light
23.4%
Take Me To Your Heaven
23.4%
Un premier amour
21.3%
L'oiseau et l'enfant
21.3%
Making Your Mind Up
21.3%
J'aime la vie
21.3%
Ne partez pas sans moi
21.3%
Refrain
19.1%
Boom Bang-a-bang
19.1%
The Voice
19.1%
Un banc, un arbre, une rue
17%
In Your Eyes
17%
Rock'n'roll Kids
17%
Tu te reconnaîtras
14.9%
Dors, mon amour
12.8%
Nous les amoureux
10.6%
Un jour, un enfant
10.6%
Si la vie est cadeau
10.6%

You're not logged in!

Compare scores with friends on all Sporcle quizzes.
OR
Log In

Show Comments

Extras

Top Quizzes Today


Score Distribution

Your Account Isn't Verified!

In order to create a playlist on Sporcle, you need to verify the email address you used during registration. Go to your Sporcle Settings to finish the process.

Report this User

Report this user for behavior that violates our Community Guidelines.

Details: